| 000 | 01858nam a22002417a 4500 | ||
|---|---|---|---|
| 003 | BJBSDDR | ||
| 005 | 20260515164957.0 | ||
| 006 | a|||||r|||| 00| 0 | ||
| 007 | ta | ||
| 008 | 260515s20252022nyu||||| |||| 00| 0 eng d | ||
| 020 | _a9780593297087 | ||
| 040 |
_bspa _cBJBSDDR |
||
| 041 | _aeng | ||
| 050 | _bS641h 2025 | ||
| 100 | 1 |
_aSmil, Vaclav, _d1943- _941840 |
|
| 245 | 1 | 0 |
_aHow the world really works : _bthe science behind how we got here and where we're going / _cVaclav Smil |
| 260 |
_aNew York, [ New York] : _bPenguin Books, _c2025 |
||
| 300 |
_a326 pages ; _c21 cm |
||
| 505 | _aContenidos Introduction: Why do we need this book? Understanding energy : fuels and electricity Understanding food production : eating fossil fuels Understanding our material world : the four pillars of modern civilization Understanding globalization : engines, microchips, and beyond Understanding risks : from viruses to diets to solar flares Understanding the environment : the only biosphere we have Understanding the future : between apocalypse and singularity Appendix: Understanding numbers: orders of magnitude : | ||
| 520 | _aAn essential analysis of the modern science and technology that makes our twenty-first century lives possible--a scientist's investigation into what science really does, and does not, accomplish. We have never had so much information at our fingertips and yet most ofus don't know how the world really works. This book explains seven of the most fundamental realities governing our survival and prosperity. From energy and food production, through our material world and its globalization, to risks, our environment and its future, How the World Really Works offers a much-needed reality check--because before we can tackle problems effectively, we must understand the facts. | ||
| 942 |
_2lcc _n0 _cBK |
||
| 946 | _illh | ||
| 999 |
_c127115 _d127115 |
||